00624 2200253 4500001002100000005001700021008004100038035002400079082001000103090002000113100001800133245003800151250001100189260004200200300002400242650001300266850001600279980001300295985000600308986001100314999001500325999001500340999001500355YOGYA-0209000003146520090227024604.0 ind  0010-020900000031465 a001.6 a001.6bElv ClT aELVIRE, Maria aComputer as friendscMaria Elvire aCet. 2 aJakartabGramedia Pustaka Utamac1990 a44 hlmbilusc21 cm aKomputer aYOPDYOG (B) a14-09-06 a3 afwhref a96P0083386 a96P0083387 a96P0083388